00594nam a2200193 i 4500001001100000003000500011005001700016008004100033040002500074082001400099100003000113245003100143264011400174300002300288336002100311337002500332338002300357650002000380C2-0111066PPAK20180727103346.0970623s xx |||| ||||| | eng d aPPAKbengcPPAKerda04a891.22231 aChandra, Lokesh, eauthor10aRamayana, the epic of Asia 1a[place of publication not identified] : b[publisher not identified] , c[date of publication not identified] a12 pages ; c26 cm 2rdacontentatext 2rdamediaaunmediated 2rdacarrieravolume10aFolk literature